Loading...
| History - Other | 0 | 3 | 0 | 1 | 30 | 92 | 108.33 | 0 | 3 | 4.10 | 20.00 |
| Other Academic | 0 | 2 | 0 | 0 | 20 | 86 | 86.00 | 0 | 2 | 22.50 | 26.67 |
| Fine Arts - Painting and Sculpture | 0 | 1 | 0 | 0 | 10 | 120 | 120.00 | 0 | 1 | 0.63 | 8.00 |
| History - European | 0 | 1 | 0 | 0 | 10 | 105 | 105.00 | 0 | 1 | 2.66 | 6.00 |
| Fine Arts - Other | 0 | 1 | 0 | 0 | 10 | 118 | 118.00 | 0 | 0 | 0.00 | 2.00 |
| History - American | 0 | 1 | 1 | 0 | 5 | 60 | 60.00 | 0 | 1 | 4.59 | 4.00 |
| Fine Arts - Classical Music | 0 | 1 | 1 | 0 | 5 | 53 | 53.00 | 1 | 1 | 5.27 | 10.00 |
| Literature - American | 0 | 1 | 1 | 0 | 5 | 42 | 42.00 | 1 | 1 | 7.20 | 10.00 |
| Science - Biology | 0 | 0 | 1 | 0 | -5 | 0.00 | 0 | 0 | 0.00 | 0.00 | |
| History - World | 0 | 0 | 1 | 0 | -5 | 0.00 | 0 | 0 | 0.00 | 0.00 | |
| Literature - World | 0 | 0 | 1 | 0 | -5 | 0.00 | 0 | 0 | 0.00 | 0.00 | |
| Philosophy | 0 | 0 | 1 | 0 | -5 | 0.00 | 0 | 0 | 0.00 | 0.00 |